000 00856nam a22002537a 4500
003 dpl
005 20180731132846.0
008 180731b xxu||||| |||| 00| 0 eng d
010 _aA-998114
020 _c100.00
035 _aA-998114, A-998123
037 _bCen Lib/Ret
040 _aDPL
_bEN
_c0
082 _a343.032068
_bFOR
245 _aForeign exchange management act,1999 and prevention of money launderning bill,1999 with comments /
_cedited by Ravi Puliani [and] Mahesh Puliani
260 _aNew Delhi
_bBharat law house
270 _bNew Delhi
_aPitampura
_e110034
300 _avarious pagings .
_c22cm(pbk)
650 _aPublic administration
_94733
650 _aForeign exchange management
_917540
700 _aPuliani, Ravi
_917541
700 _aPuliani, Mahesh
_91186
942 _2ddc
_cEN
_h343.032068
_mFOR
999 _c126449
_d126449